000 00537nam a22001817a 4500
999 _c60664
_d60664
005 20231004153730.0
008 231004s1980 enk||||| |||| 00| 0 eng d
020 _a04167120X
041 _aeng
080 _a739 H-65
100 _aHiggins, Reynold
_919995
245 _aGreek and Roman Jewellery /
_cReynold Higgins.
250 _aSecond edition
264 _aLondon,
_c1980.
300 _a243 p.:
_bill.;
_c24 cm.
653 _aბერძნული და რომაული სამკაულები
942 _2udc
_cBK